00617nam a2200205Ia 4500003000400000005001700004008004100021020001900062040000700081041000800088082001500096100003300111245003200144260003700176300000900213650002200222942001300244999001900257952013500276OSt20250814113900.0250729s2006 xx 000 0 und d a978-8120717473 cAL aeng a301.7 MATA aSindhu kulbeer singh9221290 aThe teaching of mathematics aAgrabVinod Piustak Mandirc2006 a519p aEducation9221291 2ddccBED c234941d234941 001040708BEDaALbALd2025-07-29eSita Book Houseg125.00l0o301.7 MATApBED00260r2025-07-29 16:53:35v125.00w2025-07-29yBK